On reconstruction and coordination
| Published in: | Representation and derivation in the theory of grammar, ed. by Hubert Haider and Klaus Netter, Dordrecht, 1991, P.139-198 (Studies in natural language and linguistic theory) |
|---|---|
| Main Author: | |
| Content type: | Article |
| Published: |
1991
|
| Source: | MPIPL_cat |
MARC
| LEADER | 00000naa a2200000 u 4500 | ||
|---|---|---|---|
| 001 | PL0031471 | ||
| 003 | PLI01000000000000000031367 | ||
| 005 | 00000000000000.0 | ||
| 008 | ||| u | ||
| 100 | 1 | |a Hoehle, T.N. | |
| 245 | 0 | 0 | |a On reconstruction and coordination |c T.N. Hoehle |
| 260 | |c 1991 | ||
| 773 | 0 | 8 | |t Representation and derivation in the theory of grammar |a ed. by Hubert Haider and Klaus Netter |d Dordrecht, 1991 |g P.139-198 |k Studies in natural language and linguistic theory |w MPIPL_cat.PL0031467 |z 0-7923-1150-7 |i In: |
| 952 | |j 1991 |h P.139-198 | ||
| 996 | |a Aufsatz | ||
| 997 | |a book chapter | ||